| 000 | 00520nam a2200157 a 4500 | ||
|---|---|---|---|
| 005 | 20260425162900.0 | ||
| 008 | 260424s2026##################000#0#eng## | ||
| 020 |
_a9780735594692 _qpbk |
||
| 082 | 0 | 4 | _a344.7304622 ASP |
| 110 | _a/wolters kluwer law and business | ||
| 245 | 1 | 0 |
_aRCRA regulations and keyword index _b2010 semi-annual update _c/wolters kluwer law and business |
| 260 |
_aUSA _bAspen publishers _c2010 |
||
| 300 |
_a246p. : _c26cm. |
||
| 650 | _aLabor, social, education & cultural law | ||
| 942 | _cENGLISH | ||
| 999 |
_c619848 _d619848 |
||